埼玉県の市町村 (2000年) - Statistics

General Stats
  • This quiz has been taken 80 times
    65 since last reset
  • The average score is 73 of 92
Answers on the Map
Answers color-coded by a green-red scale on the quiz's map according to % correct below.
 
Answer Stats
ヒント 市町村名 % Correct
熊谷市くまがやし
100%
大宮市おおみやし
100%
川越市かわごえし
98%
川口市かわぐちし
98%
浦和市うらわし
98%
秩父市ちちぶし
98%
飯能市はんのうし
98%
春日部市かすかべし
98%
深谷市ふかやし
98%
所沢市ところざわし
96%
本庄市ほんじょうし
96%
羽生市はにゅうし
96%
与野市よのし
96%
蕨市わらびし
96%
入間市いるまし
96%
富士見市ふじみし
96%
行田市ぎょうだし
93%
東松山市ひがしまつやまし
93%
岩槻市いわつきし
93%
鴻巣市こうのすし
93%
上尾市あげおし
93%
草加市そうかし
93%
久喜市くきし
93%
北本市きたもとし
93%
三郷市みさとし
93%
秩父郡 東秩父村ひがしちちぶむら
93%
越谷市こしがやし
91%
戸田市とだし
91%
和光市わこうし
91%
新座市にいざし
91%
八潮市やしおし
91%
鶴ヶ島市つるがしまし
91%
南埼玉郡 白岡町しらおかまち
91%
加須市かぞし
89%
狭山市さやまし
89%
朝霞市あさかし
89%
桶川市おけがわし
89%
坂戸市さかどし
89%
日高市ひだかし
89%
吉川市よしかわし
89%
秩父郡 小鹿野町おがのまち
89%
鳩ヶ谷市はとがやし
87%
蓮田市はすだし
87%
幸手市さってし
87%
比企郡 小川町おがわまち
87%
秩父郡 長瀞町ながとろまち
87%
大里郡 寄居町よりいまち
87%
北葛飾郡 栗橋町くりはしまち
87%
志木市しきし
84%
上福岡市かみふくおかし
84%
比企郡 川島町かわじままち
84%
秩父郡 横瀬町よこぜまち
84%
北葛飾郡 松伏町まつぶしまち
84%
入間郡 三芳町みよしまち
82%
入間郡 越生町おごせまち
82%
比企郡 都幾川村ときがわむら
82%
児玉郡 上里町かみさとまち
82%
北足立郡 伊奈町いなまち
80%
比企郡 嵐山町らんざんまち
80%
児玉郡 児玉町こだままち
80%
南埼玉郡 宮代町みやしろまち
80%
北葛飾郡 杉戸町すぎとまち
80%
比企郡 吉見町よしみまち
78%
児玉郡 神川町かみかわまち
78%
北埼玉郡 北川辺町きたかわべまち
76%
比企郡 滑川町なめがわまち
73%
比企郡 鳩山町はとやままち
73%
児玉郡 美里町みさとまち
73%
北葛飾郡 鷲宮町わしみやまち
73%
北葛飾郡 庄和町しょうわまち
73%
入間郡 毛呂山町もろやままち
71%
秩父郡 皆野町みなのまち
71%
秩父郡 大滝村おおたきむら
71%
南埼玉郡 菖蒲町しょうぶまち
71%
北足立郡 吹上町ふきあげまち
69%
大里郡 岡部町おかべまち
67%
入間郡 名栗村なぐりむら
64%
大里郡 妻沼町めぬままち
64%
大里郡 花園町はなぞのまち
56%
北埼玉郡 騎西町きさいまち
56%
秩父郡 両神村りょうかみむら
51%
入間郡 大井町おおいまち
49%
秩父郡 荒川村あらかわむら
49%
大里郡 大里村おおさとむら
47%
北埼玉郡 大利根町おおとねまち
47%
秩父郡 吉田町よしだまち
42%
比企郡 玉川村たまがわむら
36%
児玉郡 神泉村かみいずみむら
33%
北埼玉郡 南河原村みなみかわらむら
33%
大里郡 川本町かわもとまち
29%
北埼玉郡 川里村かわさとむら
24%
大里郡 江南町こうなんまち
20%
No matching quizzes found
Score Distribution
Percent of People with Each Score
Percentile by Number Answered
Your Score History
You have not taken this quiz since the last reset